| 000 | 00448nam a2200145Ia 4500 | ||
|---|---|---|---|
| 008 | 191023s9999 xx 000 0 und d | ||
| 020 | _a9781305077560 | ||
| 100 | _aAlbarran, Alan B. | ||
| 245 |
_cAlan B. Albaran.-- _aManagement of electronic and digital media / |
||
| 250 | _a6th ed | ||
| 260 |
_aUSA : _bCengage Learning _c2017 |
||
| 300 | _axxvi, 339 pages. | ||
| 650 | _aMass media -- management. | ||
| 650 | _aTelecommunication -- management. | ||
| 999 |
_c362283 _d362283 |
||